| 000 | 01082cam a2200289 i 4500 | ||
|---|---|---|---|
| 001 | 18769504 | ||
| 005 | 20210408112311.0 | ||
| 008 | 150903s2016 miu b 001 0 eng | ||
| 010 | _a 2015034302 | ||
| 020 | _a9780801049705 (cloth) | ||
| 040 |
_aDLC _beng _cDLC _erda _dDLC |
||
| 042 | _apcc | ||
| 245 | 0 | 0 |
_aAdoptive youth ministry : _bintegrating emerging generations into the family of faith / _cedited by Chap Clark. |
| 260 |
_aGrand Rapids, Michigan : _bBaker Academic, a division of Baker Publishing Group, _c[2016] |
||
| 300 |
_axv, 379 pages ; _c25 cm |
||
| 336 |
_atext _2rdacontent |
||
| 337 |
_aunmediated _2rdamedia |
||
| 338 |
_avolume _2rdacarrier |
||
| 490 | 0 | _aYouth, family, and culture | |
| 504 | _aIncludes bibliographical references and indexes. | ||
| 650 | 0 | _aChurch work with youth. | |
| 650 | 0 | _aAdoption (Theology) | |
| 700 | 1 |
_aClark, Chap, _d1954- _eeditor. |
|
| 906 |
_a7 _bcbc _corignew _d1 _eecip _f20 _gy-gencatlg |
||
| 942 |
_2lcc _cBK |
||
| 999 |
_c49600 _d49600 |
||